Business intelligence roadmap: the complete project lifecycle for decision-support applications
Kaydedildi:
| Asıl Yazarlar: | , |
|---|---|
| Materyal Türü: | Kitap |
| Dil: | İngilizce |
| Baskı/Yayın Bilgisi: |
Boston
Pearson Education
2003
|
| Seri Bilgileri: | Addison-Wesley Information Technology Series
|
| Konular: | |
| Etiketler: |
Etiketle
Etiket eklenmemiş, İlk siz ekleyin!
|
MARC
| LEADER | 00000nam a2200000 a 4500 | ||
|---|---|---|---|
| 001 | UCL5222 | ||
| 003 | CL-VaPUC | ||
| 008 | 040305e20030000US |||||||||||||||||eng|d | ||
| 020 | |a 0201784203 | ||
| 082 | 0 | 4 | |a 658.403 |b MOS |2 21 |
| 100 | |a Moss, Larissa T. |e author |9 482954 | ||
| 700 | 0 | |a Atre, Shaku |e author |9 482955 | |
| 245 | 1 | 0 | |a Business intelligence roadmap: the complete project lifecycle for decision-support applications |
| 300 | |a 543 p | ||
| 942 | |c BK | ||
| 945 | |d 20040305 00:00:00 |a cmena | ||
| 260 | |a Boston |b Pearson Education |c 2003 | ||
| 500 | |a Incluye Cd-Rom | ||
| 650 | 0 | |a Toma de decisiones |9 257530 | |
| 650 | 0 | |a Gestión de la información |9 362327 | |
| 650 | 0 | |a Inteligencia |9 267038 | |
| 583 | |a last modification |c 20040305 00:00:00 |k Rodrigo Vera | ||
| 490 | 0 | |a Addison-Wesley Information Technology Series | |
| 999 | |c 307876 |d 307874 | ||
| 952 | |0 0 |1 0 |4 0 |6 658_403000000000000_MOS_2003 |7 0 |8 A |9 374016 |a BIBING |b BIBING |d 2019-11-21 |i 3987833 |l 4 |o 658.403 MOS 2003 |p 3987833 |q 2022-12-16 |r 2022-08-31 |s 2022-08-31 |w 2019-11-21 |y BK |k CCI | ||
| 952 | |0 0 |1 0 |4 0 |6 658_403000000000000_MOS_2003 |7 0 |8 A |9 374017 |a BIBING |b BIBING |d 2019-11-21 |i 4289048 |o 658.403 MOS 2003 |p 4289048 |r 2025-01-20 |w 2019-11-21 |y BK |k CCI | ||